[Event "POL-chT 63rd"]
[Site "Ustron"]
[Date "2007.09.06"]
[Round "6"]
[White "Heberla, Bartlomiej"]
[Black "Jasik, Krzysztof"]
[Result "1-0"]
[WhiteElo "2484"]
[BlackElo "2310"]
[PlyCount "95"]
[EventDate "2007.09.01"]
[EventType "team-tourn"]
[EventRounds "9"]
[EventCountry "POL"]
[SourceTitle "EXT 2019"]
[Source "ChessBase"]
[SourceDate "2018.10.10"]
[SourceVersion "1"]
[SourceVersionDate "2018.10.10"]
[SourceQuality "1"]
[WhiteTeam "Katowice Hetman Szopienice"]
[BlackTeam "Brzeg Prokonex"]
[WhiteTeamCountry "POL"]
[BlackTeamCountry "POL"]

1. e4 e5 2. Nf3 Nc6 3. Bb5 a6 4. Ba4 Nf6 5. 0-0 b5 6. Bb3 Be7 7. d4 d6 8. c3 Bg4 9. Be3 0-0 10. h3 Bh5 11. Nbd2 exd4 12. cxd4 d5 13. e5 Ne4 14. Nxe4 dxe4 15. Qc2 exf3 16. Qxc6 fxg2 17. Qxg2 Kh8 18. f4 f6 19. Kh2 fxe5 20. dxe5 Qd3 21. Rae1 Bg6 22. Rg1 Rad8 23. Re2 Qe4 24. Qg4 Qf5 25. Be6 Qxg4 26. hxg4 Bd3 27. Rf2 c5 28. f5 Bh4 29. Rf3 c4 30. g5 Rde8 31. Rf4 Bxf5 32. Bxf5 Rxe5 33. Rxh4 Rfxf5 34. Rd4 Kg8 35. Bf4 Rd5 36. Rgd1 Rxd4 37. Rxd4 a5 38. Kg3 a4 39. a3 Rc5 40. Bd2 Kf7 41. Rd7+ Kg6 42. Kg4 h5+ 43. Kh4 Rf5 44. Rd6+ Kf7 45. Kxh5 Rf2 46. Bc3 g6+ 47. Kg4 Rg2+ 48. Kf4 1-0

[Event "POL-chT 63rd"]
[Site "Ustron"]
[Date "2007.09.03"]
[Round "3"]
[White "Jasik, Krzysztof"]
[Black "Adamski, Jan"]
[Result "1-0"]
[WhiteElo "2310"]
[BlackElo "2354"]
[PlyCount "65"]
[EventDate "2007.09.01"]
[EventType "team-tourn"]
[EventRounds "9"]
[EventCountry "POL"]
[SourceTitle "EXT 2019"]
[Source "ChessBase"]
[SourceDate "2018.10.10"]
[SourceVersion "1"]
[SourceVersionDate "2018.10.10"]
[SourceQuality "1"]
[WhiteTeam "Brzeg Prokonex"]
[BlackTeam "Grodzisk Polfa Mazowiecki"]
[WhiteTeamCountry "POL"]
[BlackTeamCountry "POL"]

1. e4 c5 2. Nc3 e6 3. f4 d5 4. Nf3 dxe4 5. Nxe4 Nc6 6. Bb5 Bd7 7. Qe2 Nh6 8. c3 Be7 9. 0-0 0-0 10. Kh1 Rc8 11. Bd3 f6 12. Ng3 Qb6 13. Bxh7+ Kxh7 14. Qd3+ Nf5 15. Nxf5 exf5 16. Qxd7 g6 17. d4 cxd4 18. cxd4 Kg7 19. Qe6 Rcd8 20. Bd2 Rfe8 21. Bc3 Bd6 22. Qc4 Bxf4 23. Rae1 Qa6 24. Qxa6 bxa6 25. d5 Ne7 26. Nd4 Nxd5 27. Ne6+ Rxe6 28. Rxe6 Rh8 29. Bxf6+ Nxf6 30. Rxf4 Ne4 31. Kg1 Nc5 32. Rc6 Nd3 33. Rfc4 1-0

[Event "POL-chT 1st League"]
[Site "Opole"]
[Date "2006.09.09"]
[Round "8"]
[White "Jasik, Krzysztof"]
[Black "Brodowski, Piotr"]
[Result "1-0"]
[WhiteElo "2336"]
[BlackElo "2320"]
[PlyCount "54"]
[EventDate "2006.09.01"]
[EventType "team-tourn"]
[EventRounds "9"]
[EventCountry "POL"]
[SourceTitle "CBM 114 Extra"]
[Source "ChessBase"]
[SourceDate "2006.11.03"]
[SourceVersion "1"]
[SourceVersionDate "2006.11.03"]
[SourceQuality "1"]
[WhiteTeam "Brzeg Prokonex"]
[BlackTeam "Kozuchow Odrodzenie"]
[WhiteTeamCountry "POL"]
[BlackTeamCountry "POL"]

1. e4 c5 2. Nf3 Nc6 3. Bb5 g6 4. 0-0 Bg7 5. c3 e5 6. Na3 d6 7. d4 cxd4 8. cxd4 exd4 9. Nxd4 Bd7 10. Nxc6 Bxc6 11. Bxc6+ bxc6 12. Nc4 d5 13. exd5 cxd5 14. Re1+ Ne7 15. Qa4+ Kf8 16. Bg5 f6 17. Bd2 Rc8 18. Na5 Kg8 19. Bb4 Nf5 20. Nc6 Qb6 21. Nxa7 Rd8 22. Nc6 Rc8 23. Nd4 Bf8 24. Nxf5 Qxb4 25. Qd7 gxf5 26. Qxc8 Kg7 27. Qd7+ Kg6 1-0

[Event "Wroclaw-ch 54th"]
[Site "Wroclaw"]
[Date "2006.08.05"]
[Round "8"]
[White "Jasik, Krzysztof"]
[Black "Wieczorek, Oskar"]
[Result "1-0"]
[WhiteElo "2336"]
[BlackElo "1992"]
[PlyCount "47"]
[EventDate "2006.07.31"]
[EventType "swiss"]
[EventRounds "9"]
[EventCountry "POL"]
[SourceTitle "CBM 113 Extra"]
[Source "ChessBase"]
[SourceDate "2006.09.14"]
[SourceVersion "1"]
[SourceVersionDate "2006.09.14"]
[SourceQuality "1"]

1. e4 c5 2. Nc3 e6 3. Nf3 a6 4. g3 Nc6 5. Bg2 d6 6. 0-0 Nf6 7. d4 cxd4 8. Nxd4 Bd7 9. a4 Be7 10. Nde2 0-0 11. b3 Nb4 12. Ba3 Qa5 13. Qd2 Rac8 14. Rfd1 d5 15. exd5 exd5 16. Nf4 Nxc2 17. Bxe7 Qxc3 18. Qxc3 Rxc3 19. Rac1 Re8 20. Bxf6 gxf6 21. Nxd5 Rc6 22. Nf4 Rc7 23. Nh5 Re6 24. Bh3 1-0

[Event "Wroclaw-ch 54th"]
[Site "Wroclaw"]
[Date "2006.08.01"]
[Round "2"]
[White "Walentukiewicz, Michal"]
[Black "Jasik, Krzysztof"]
[Result "1/2-1/2"]
[WhiteElo "2076"]
[BlackElo "2336"]
[PlyCount "120"]
[EventDate "2006.07.31"]
[EventType "swiss"]
[EventRounds "9"]
[EventCountry "POL"]
[SourceTitle "CBM 113 Extra"]
[Source "ChessBase"]
[SourceDate "2006.09.14"]
[SourceVersion "1"]
[SourceVersionDate "2006.09.14"]
[SourceQuality "1"]

1. e4 c5 2. Nf3 Nc6 3. d4 cxd4 4. Nxd4 e5 5. Nb5 d6 6. N1c3 a6 7. Na3 Nf6 8. Bg5 Be7 9. Bxf6 Bxf6 10. Nc4 Nd4 11. Nd5 Be6 12. Nxf6+ Qxf6 13. c3 Bxc4 14. Bxc4 Nc6 15. Bd5 0-0 16. Qd2 Qg6 17. 0-0 Rac8 18. Rad1 Nd8 19. Rfe1 Ne6 20. Bxe6 Qxe6 21. Qd5 Rc6 22. Rd2 Qe7 23. Re3 g6 24. Qb3 Kg7 25. Qd1 f5 26. exf5 Rxf5 27. Rf3 Rxf3 28. Qxf3 Qf7 29. Qh3 d5 30. Qe3 Qe6 31. h3 Rc4 32. Qd3 d4 33. cxd4 Rxd4 34. Qe3 Rxd2 35. Qxd2 Qxa2 36. Qd7+ Qf7 37. Qd6 Qe8 38. Qc7+ Kf6 39. Qxb7 Qb5 40. Qf3+ Ke7 41. Qc3 Kd6 42. Qa3+ Kd5 43. Qd3+ Ke6 44. Qa3 a5 45. Qc3 a4 46. Qd2 Qd5 47. Qc1 Kd6 48. Qc3 Qd1+ 49. Kh2 Qd4 50. Qc2 Kd5 51. f3 Qc4 52. Qd2+ Kc6 53. Qa5 Qb5 54. Qc3+ Qc5 55. Qd3 Qb5 56. Qe4+ Kb6 57. h4 Kc7 58. h5 gxh5 59. Qxh7+ Kd6 60. Qe4 Ke6 1/2-1/2

[Event "POL-chT 2nd League"]
[Site "Wysowa"]
[Date "2005.08.30"]
[Round "4.2"]
[White "Jasik, Krzysztof"]
[Black "Matras Clement, Agnieszka"]
[Result "1/2-1/2"]
[WhiteElo "2341"]
[BlackElo "2238"]
[PlyCount "83"]
[EventDate "2005.08.27"]
[EventType "team-swiss"]
[EventRounds "9"]
[EventCountry "POL"]
[SourceTitle "EXT 2019"]
[Source "ChessBase"]
[SourceDate "2018.10.10"]
[SourceVersion "1"]
[SourceVersionDate "2018.10.10"]
[SourceQuality "1"]
[WhiteTeam "Brzeg Prokonex"]
[BlackTeam "Rybnik MKSz"]
[WhiteTeamCountry "POL"]
[BlackTeamCountry "POL"]

1. e4 e5 2. Nf3 Nc6 3. d4 exd4 4. Nxd4 Nf6 5. Nc3 Bb4 6. Nxc6 bxc6 7. Bd3 d5 8. exd5 cxd5 9. 0-0 0-0 10. Bg5 c6 11. Qf3 h6 12. Bxf6 Qxf6 13. Qxf6 gxf6 14. Ne2 Bd6 15. Ng3 Rb8 16. Rab1 Re8 17. c3 Re5 18. b3 Bd7 19. Rbd1 Rbe8 20. h3 Kh8 21. c4 d4 22. Bb1 c5 23. f4 Re3 24. Nh5 Bc6 25. Nxf6 Re2 26. Nd5 Rg8 27. g4 h5 28. g5 Bxd5 29. cxd5 Rge8 30. Rd3 R8e3 31. Rxe3 dxe3 32. Bd3 Rxa2 33. Bc4 a5 34. Rf3 e2 35. Kf2 a4 36. bxa4 Rxa4 37. Bxe2 Rxf4 38. Rxf4 Bxf4 39. h4 Kg7 40. Bxh5 c4 41. Be2 f6 42. gxf6+ 1/2-1/2

[Event "CZE-chT 0405"]
[Site "Czech Republic"]
[Date "2005.02.19"]
[Round "6.5"]
[White "Langner, Ladislav"]
[Black "Jasik, Krzysztof"]
[Result "1-0"]
[WhiteElo "2407"]
[BlackElo "2368"]
[PlyCount "45"]
[EventDate "2004.11.??"]
[EventType "team"]
[EventRounds "11"]
[EventCountry "CZE"]
[SourceTitle "EXT 2006"]
[Source "ChessBase"]
[SourceDate "2005.11.24"]
[SourceVersion "1"]
[SourceVersionDate "2005.11.24"]
[SourceQuality "1"]
[WhiteTeam "Trinec"]
[BlackTeam "Grygov"]
[WhiteTeamCountry "CZE"]
[BlackTeamCountry "CZE"]

1. e4 c5 2. d4 e6 3. Nf3 cxd4 4. c3 Nc6 5. cxd4 d5 6. e5 f5 7. Nc3 h6 8. h4 g6 9. Bd3 a6 10. g4 Nge7 11. Rg1 b5 12. a4 b4 13. Ne2 Qb6 14. Be3 b3 15. Nf4 Bd7 16. gxf5 gxf5 17. Nd2 Nxd4 18. Qh5+ Kd8 19. Qf7 Kc7 20. Bxd4 Qxd4 21. Nxe6+ Bxe6 22. Qxe6 Qxd3 23. Rg3 1-0

[Event "POL-chT 60th"]
[Site "Dzwirzyno"]
[Date "2004.09.09"]
[Round "6"]
[White "Jasik, Krzysztof"]
[Black "Jurkiewicz, Krzysztof"]
[Result "1/2-1/2"]
[WhiteElo "2368"]
[BlackElo "2290"]
[PlyCount "68"]
[EventDate "2004.09.04"]
[EventType "team-tourn"]
[EventRounds "9"]
[EventCountry "POL"]
[SourceTitle "EXT 2019"]
[Source "ChessBase"]
[SourceDate "2018.10.10"]
[SourceVersion "1"]
[SourceVersionDate "2018.10.10"]
[SourceQuality "1"]
[WhiteTeam "Wroclaw Polonia"]
[BlackTeam "Gdanski Jantar Pruszcz"]
[WhiteTeamCountry "POL"]
[BlackTeamCountry "POL"]

1. e4 d5 2. exd5 Qxd5 3. Nc3 Qa5 4. d4 Nf6 5. Nf3 Bf5 6. Ne5 c6 7. Bd3 Bxd3 8. Qxd3 Nbd7 9. Nxd7 Nxd7 10. 0-0 e6 11. Bf4 Nf6 12. Be5 Ng4 13. Qg3 h5 14. a3 Nxe5 15. dxe5 0-0-0 16. Rad1 h4 17. Qf4 Rxd1 18. Nxd1 Qc7 19. Nc3 f5 20. Rd1 Bc5 21. Kf1 Rd8 22. Rxd8+ Qxd8 23. Qc4 Qe7 24. Na4 Bb6 25. f4 Qd7 26. Ke2 Kc7 27. Nc5 Bxc5 28. Qxc5 b6 29. Qf8 c5 30. Qa8 Qa4 31. b3 Qxf4 32. Qxa7+ Kc6 33. Qa8+ Kc7 34. Qa7+ Kc6 1/2-1/2

[Event "POL-chT 60th"]
[Site "Dzwirzyno"]
[Date "2004.09.08"]
[Round "5"]
[White "Szymanski, Marcin"]
[Black "Jasik, Krzysztof"]
[Result "1-0"]
[WhiteElo "2415"]
[BlackElo "2368"]
[PlyCount "67"]
[EventDate "2004.09.04"]
[EventType "team-tourn"]
[EventRounds "9"]
[EventCountry "POL"]
[SourceTitle "EXT 2019"]
[Source "ChessBase"]
[SourceDate "2018.10.10"]
[SourceVersion "1"]
[SourceVersionDate "2018.10.10"]
[SourceQuality "1"]
[WhiteTeam "Suwalki Hancza"]
[BlackTeam "Wroclaw Polonia"]
[WhiteTeamCountry "POL"]
[BlackTeamCountry "POL"]

1. d4 Nf6 2. c4 c5 3. d5 b5 4. cxb5 a6 5. b6 d6 6. Nc3 g6 7. e4 Nbd7 8. Nf3 Qxb6 9. Be2 Bg7 10. 0-0 0-0 11. Nd2 Ne8 12. Nc4 Qc7 13. Bg5 Bf6 14. Bxf6 exf6 15. f4 Nb6 16. Ne3 Qe7 17. Rf3 Ng7 18. g4 h5 19. gxh5 Nxh5 20. Kh1 Kg7 21. Qg1 Rh8 22. a4 a5 23. f5 g5 24. Raf1 Ba6 25. Bxa6 Rxa6 26. Qg4 Qe5 27. Rh3 Nf4 28. Rxh8 Kxh8 29. h4 Nxa4 30. Nxa4 Qxe4+ 31. Ng2 Qxa4 32. Nxf4 Qe4+ 33. Kh2 Rb6 34. Ng6+ 1-0

[Event "Krakow op-A"]
[Site "Krakow "]
[Date "2004.01.02"]
[Round "7"]
[White "Czakon, Jakub"]
[Black "Jasik, Krzysztof"]
[Result "1/2-1/2"]
[WhiteElo "2438"]
[BlackElo "2331"]
[PlyCount "88"]
[EventDate "2003.12.27"]
[EventType "swiss"]
[EventRounds "9"]
[EventCountry "POL"]
[SourceTitle "EXT 2006"]
[Source "ChessBase"]
[SourceDate "2005.11.24"]
[SourceVersion "1"]
[SourceVersionDate "2005.11.24"]
[SourceQuality "1"]

1. d4 Nf6 2. c4 c5 3. d5 e6 4. Nc3 exd5 5. cxd5 d6 6. Nf3 g6 7. Bf4 a6 8. Nd2 b5 9. a4 b4 10. Nce4 h6 11. Nxf6+ Qxf6 12. e3 g5 13. Bg3 Qxb2 14. Ne4 Bg7 15. Rc1 0-0 16. Be2 f5 17. Nxd6 f4 18. exf4 gxf4 19. Bh4 f3 20. gxf3 Bc3+ 21. Kf1 Bh3+ 22. Kg1 Rf4 23. Bg3 Rd4 24. Qc2 Qxc2 25. Rxc2 Nd7 26. Ne4 Rf8 27. Rc1 Bd2 28. Rd1 Bf4 29. Rxd4 cxd4 30. Bf1 Bxf1 31. Kxf1 Ne5 32. Rg1 Kh7 33. Bxf4 Rxf4 34. d6 Rxf3 35. Rg5 hxg5 36. Nxg5+ Kg7 37. Nxf3 b3 38. Nd2 b2 39. f4 Nc4 40. Nb1 Nxd6 41. Ke2 Ne4 42. Kd3 Nc3 43. Nd2 Nxa4 44. Kxd4 Kf6 1/2-1/2

[Event "Wroclaw-ch"]
[Site "Wroclaw"]
[Date "2004.??.??"]
[Round "8"]
[White "Gavrilenko, Aleksander"]
[Black "Jasik, Krzysztof"]
[Result "0-1"]
[WhiteElo "2115"]
[BlackElo "2365"]
[PlyCount "74"]
[EventDate "2004.??.??"]
[EventType "swiss"]
[EventRounds "9"]
[EventCountry "POL"]
[SourceTitle "EXT 2007"]
[Source "ChessBase"]
[SourceDate "2006.11.23"]
[SourceVersion "1"]
[SourceVersionDate "2006.11.23"]
[SourceQuality "1"]

1. c4 Nf6 2. Nc3 c5 3. Nf3 g6 4. d4 cxd4 5. Nxd4 Bg7 6. e4 d6 7. Be2 0-0 8. 0-0 Nc6 9. Nc2 Ne8 10. Bd2 f5 11. exf5 gxf5 12. Kh1 e5 13. f3 Be6 14. Rc1 Qf6 15. Ne3 f4 16. Ne4 Qg6 17. Nd5 Bxd5 18. cxd5 Nd4 19. Be1 Nf5 20. Qb3 Rf7 21. Rg1 Qh6 22. Bf2 Nf6 23. Rc2 Kh8 24. Rgc1 Rg8 25. Rc7 Rxc7 26. Rxc7 Nxe4 27. fxe4 Nd4 28. Bxd4 exd4 29. Bg4 Qh4 30. Qd1 f3 31. gxf3 Be5 32. Qd2 d3 33. Bf5 Bd4 34. Rc8 Rxc8 35. Bxc8 Be5 36. Be6 Bxh2 37. Qg2 Bf4+ 0-1